[Event "DEN-chT 2425 62nd"]
[Site "Denmark"]
[Date "2025.03.29"]
[Round "8.5"]
[White "Bromann, Thorbjorn"]
[Black "Light, Bjarne"]
[Result "1-0"]
[WhiteElo "2361"]
[BlackElo "2193"]
[PlyCount "137"]
[EventDate "2024.11.02"]
[EventType "team-tourn"]
[EventRounds "9"]
[EventCountry "DEN"]
[SourceTitle "CB16_2025"]
[SourceDate "2025.04.16"]
[SourceVersion "1"]
[SourceVersionDate "2025.04.16"]
[SourceQuality "1"]
[WhiteTeam "Bronshoj"]
[BlackTeam "Fredericia"]
[WhiteTeamCountry "DEN"]
[BlackTeamCountry "DEN"]

1. d4 Nf6 2. Bg5 d5 3. e3 Nbd7 4. Nf3 h6 5. Bh4 c5 6. c3 Qb6 7. Qb3 c4 8. Qc2 g6 9. Nbd2 Bg7 10. Be2 0-0 11. b3 cxb3 12. axb3 Re8 13. 0-0 e5 14. Rfb1 exd4 15. Nxd4 Nc5 16. c4 Ne6 17. Nxe6 Bxe6 18. c5 Qd8 19. Ra4 Qe7 20. b4 Rec8 21. Qd1 Bd7 22. Ra3 b6 23. Ba6 Re8 24. Bb7 Rab8 25. c6 Bf5 26. Rbb3 Rxb7 27. cxb7 Qxb7 28. Nf3 Ne4 29. Nd4 Bd7 30. Qa1 Ra8 31. Ra2 Bb5 32. Rba3 a6 33. f3 Nd6 34. Bg3 Nf5 35. Qd1 Nxd4 36. exd4 Bf8 37. Qd2 Re8 38. Re3 Rxe3 39. Qxe3 Qc6 40. Ra1 h5 41. Rc1 Bc4 42. Qc3 Qa4 43. Be1 Qd7 44. Bd2 Bd6 45. Re1 Kh7 46. Qe3 Bb5 47. Qg5 Kg8 48. Kh1 Bf8 49. Qf6 Qc7 50. Rc1 Bc4 51. Bf4 Qe7 52. Qxb6 Qxb4 53. Qd8 Qe7 54. Qa8 Kh7 55. Bg3 Qg5 56. f4 Qe7 57. Re1 Qb4 58. Qe8 Kg8 59. f5 g5 60. Qe3 Bh6 61. h4 Bf8 62. Qxg5+ Kh7 63. Qxh5+ Kg8 64. Re8 Bb5 65. Qg5+ Kh7 66. Qh5+ Kg8 67. Rb8 a5 68. Be5 Qe1+ 69. Kh2 1-0

[Event "DEN-ch Rapid"]
[Site "Snekkersten"]
[Date "2024.08.31"]
[Round "7"]
[White "Bromann, Thorbjorn"]
[Black "Bjerre, Jonas Buhl"]
[Result "0-1"]
[WhiteElo "2364"]
[BlackElo "2648"]
[PlyCount "56"]
[EventDate "2024.08.31"]
[EventType "swiss (rapid)"]
[EventRounds "9"]
[EventCountry "DEN"]
[SourceTitle "CBM 221 Extra"]
[Source "ChessBase"]
[SourceDate "2024.09.30"]
[SourceVersion "1"]
[SourceVersionDate "2024.09.30"]
[SourceQuality "1"]

1. d4 Nf6 2. Nc3 d5 3. Bg5 Nbd7 4. Qd3 c6 5. Nf3 h6 6. Bh4 Qa5 7. Nd2 e5 8. Bxf6 Nxf6 9. dxe5 Ng4 10. Nf3 Bc5 11. e3 Qc7 12. Na4 Bb4+ 13. c3 Be7 14. Qd4 f6 15. exf6 Bxf6 16. Qd2 Qa5 17. Qc2 0-0 18. b4 Qc7 19. Nc5 a5 20. Rc1 axb4 21. cxb4 Ra3 22. Be2 Bc3+ 23. Kf1 Bxb4 24. Nd3 Bf5 25. Qb2 Bd6 26. Nb4 Qa5 27. Nc2 Rxa2 28. Qb3 Bxc2 0-1

[Event "DEN-ch Rapid"]
[Site "Snekkersten"]
[Date "2024.08.31"]
[Round "2"]
[White "Bromann, Thorbjorn"]
[Black "Molvig, Henrik"]
[Result "0-1"]
[WhiteElo "2364"]
[BlackElo "2065"]
[PlyCount "136"]
[EventDate "2024.08.31"]
[EventType "swiss (rapid)"]
[EventRounds "9"]
[EventCountry "DEN"]
[SourceTitle "CBM 221 Extra"]
[Source "ChessBase"]
[SourceDate "2024.09.30"]
[SourceVersion "1"]
[SourceVersionDate "2024.09.30"]
[SourceQuality "1"]

1. d4 Nf6 2. Nc3 d5 3. Bg5 e6 4. e4 Bb4 5. exd5 Qxd5 6. Bxf6 gxf6 7. Qd2 Qa5 8. Nge2 c6 9. g3 Nd7 10. Bg2 f5 11. 0-0 Nf6 12. a3 Be7 13. b4 Qc7 14. Nf4 Bd7 15. Nd3 h5 16. h4 Ng4 17. Rfe1 Rg8 18. b5 Bxh4 19. bxc6 Bxc6 20. d5 Bxg3 21. fxg3 Qxg3 22. Qf4 Qxf4 23. Nxf4 Bd7 24. Nxh5 0-0-0 25. dxe6 fxe6 26. Nf4 Rde8 27. Rad1 e5 28. Nfd5 e4 29. Kf1 Bc6 30. Bh3 Kb8 31. Bxg4 Rxg4 32. Nf6 Rf4+ 33. Ke2 Rh8 34. Rh1 Rf8 35. Ncd5 Rf3 36. Rh7 Rxa3 37. Rb1 f4 38. Kd2 e3+ 39. Kc1 Rd8 40. Ne7 Ba4 41. Ned5 Bc6 42. Nxf4 Rc3 43. Rb3 Rxb3 44. cxb3 a5 45. Re7 Rf8 46. N6d5 a4 47. b4 Rf5 48. Nxe3 Rxf4 49. Nc2 Rc4 50. Kb2 Be4 51. Ne3 Rxb4+ 52. Ka3 Rb3+ 53. Kxa4 Rxe3 54. Kb4 Re2 55. Kc3 Bf3 56. Rf7 Bc6 57. Kd3 Re5 58. Kd4 Rd5+ 59. Kc4 Ka7 60. Rf2 Kb6 61. Rb2+ Kc7 62. Rf2 Rd7 63. Kc5 b6+ 64. Kc4 Rh7 65. Kb4 Rh4+ 66. Kc3 b5 67. Kb3 Kb6 68. Rf5 Rd4 0-1

[Event "DEN-ch Rapid"]
[Site "Snekkersten"]
[Date "2024.08.31"]
[Round "4"]
[White "Bromann, Thorbjorn"]
[Black "Wahlgreen, Noah Krug"]
[Result "1-0"]
[WhiteElo "2364"]
[BlackElo "2135"]
[PlyCount "43"]
[EventDate "2024.08.31"]
[EventType "swiss (rapid)"]
[EventRounds "9"]
[EventCountry "DEN"]
[SourceTitle "CBM 221 Extra"]
[Source "ChessBase"]
[SourceDate "2024.09.30"]
[SourceVersion "1"]
[SourceVersionDate "2024.09.30"]
[SourceQuality "1"]

1. d4 d5 2. Bg5 c5 3. dxc5 Qa5+ 4. Nc3 e6 5. e4 Be7 6. Bxe7 Nxe7 7. Qd4 Nbc6 8. Bb5 0-0 9. Qa4 Qc7 10. Nge2 Qe5 11. Rd1 dxe4 12. Nxe4 f5 13. Nd6 Qxc5 14. 0-0 e5 15. Qb3+ Kh8 16. Bxc6 bxc6 17. Nf7+ Kg8 18. Nxe5+ Nd5 19. Nf4 Ba6 20. Nxd5 cxd5 21. Rxd5 Qe7 22. Rd7+ 1-0

[Event "DEN-ch Rapid"]
[Site "Snekkersten"]
[Date "2024.08.31"]
[Round "6"]
[White "Gregor, Bjarke"]
[Black "Bromann, Thorbjorn"]
[Result "0-1"]
[WhiteElo "2108"]
[BlackElo "2364"]
[PlyCount "71"]
[EventDate "2024.08.31"]
[EventType "swiss (rapid)"]
[EventRounds "9"]
[EventCountry "DEN"]
[SourceTitle "CBM 221 Extra"]
[Source "ChessBase"]
[SourceDate "2024.09.30"]
[SourceVersion "1"]
[SourceVersionDate "2024.09.30"]
[SourceQuality "1"]

1. e4 g6 2. d4 Bg7 3. Nc3 d6 4. Be3 a6 5. a4 b6 6. Qd2 e6 7. h4 h6 8. f3 Nd7 9. Nd1 Bb7 10. Bd3 Ne7 11. g4 c5 12. c3 Bc6 13. Ne2 b5 14. a5 Bb7 15. b4 Rc8 16. Rc1 Nc6 17. Kf2 Qe7 18. Rb1 cxb4 19. cxb4 d5 20. e5 Bf8 21. Ndc3 Nxb4 22. Bxb5 Qd8 23. Bxd7+ Qxd7 24. Rhc1 Be7 25. Kg2 h5 26. g5 0-0 27. Nf4 Rc4 28. Nce2 Rfc8 29. Rxc4 Rxc4 30. Rxb4 Bxb4 31. Qd3 Qe8 32. Ng3 Rc3 33. Qb1 Qb5 34. Nxg6 Rxe3 35. Nf4 Be1 36. Qd1 0-1

[Event "DEN-ch Rapid"]
[Site "Snekkersten"]
[Date "2024.08.31"]
[Round "1"]
[White "Petersen, Peter Birk"]
[Black "Bromann, Thorbjorn"]
[Result "0-1"]
[WhiteElo "2142"]
[BlackElo "2364"]
[PlyCount "90"]
[EventDate "2024.08.31"]
[EventType "swiss (rapid)"]
[EventRounds "9"]
[EventCountry "DEN"]
[SourceTitle "CBM 221 Extra"]
[Source "ChessBase"]
[SourceDate "2024.09.30"]
[SourceVersion "1"]
[SourceVersionDate "2024.09.30"]
[SourceQuality "1"]

1. e4 g6 2. d4 Bg7 3. Nc3 d6 4. Nf3 a6 5. h3 b5 6. Bd3 Bb7 7. Qe2 Nd7 8. Be3 c5 9. dxc5 dxc5 10. e5 Bxf3 11. gxf3 Bxe5 12. Be4 Rb8 13. Rd1 Qa5 14. 0-0 Ngf6 15. Bc6 Qc7 16. Bxd7+ Nxd7 17. Nd5 Qc6 18. Bh6 e6 19. f4 exd5 20. fxe5 Qe6 21. Qf3 d4 22. Rfe1 g5 23. Bg7 Rg8 24. Bf6 g4 25. Qe4 gxh3+ 26. Kh2 Rg2+ 27. Kh1 Nxf6 28. exf6 Qxe4 29. Rxe4+ Kf8 30. Rh4 Rb6 31. Rxh3 Rxf2 32. Rh5 Rc6 33. c3 Rcxf6 34. cxd4 Rf1+ 35. Rxf1 Rxf1+ 36. Kg2 Rb1 37. dxc5 Rxb2+ 38. Kf3 Rxa2 39. Ke4 b4 40. c6 Rc2 41. Kd5 b3 42. Rh4 b2 43. Rb4 a5 44. Rb7 a4 45. c7 a3 0-1

[Event "DEN-ch Rapid"]
[Site "Hvidovre"]
[Date "2021.11.28"]
[Round "3"]
[White "Bromann, Thorbjorn"]
[Black "Sorensen, Reto Utiger"]
[Result "1-0"]
[WhiteElo "2419"]
[BlackElo "2024"]
[PlyCount "93"]
[EventDate "2021.11.28"]
[EventType "swiss (rapid)"]
[EventRounds "7"]
[EventCountry "DEN"]
[SourceTitle "EXT 2025"]
[Source "ChessBase"]
[SourceDate "2024.10.14"]
[SourceVersion "1"]
[SourceVersionDate "2024.10.14"]
[SourceQuality "1"]

1. d4 d5 2. Bg5 Nd7 3. c4 c6 4. cxd5 cxd5 5. Nc3 Ngf6 6. Qa4 e6 7. Rc1 Be7 8. Nb5 0-0 9. Bf4 Nb6 10. Qb3 Nc4 11. e3 Qa5+ 12. Nc3 Nd6 13. Bd3 Bd7 14. Nf3 b5 15. Ne5 Be8 16. a3 Nfe4 17. Ke2 f6 18. Nf3 Bd7 19. Nxd5 exd5 20. Qxd5+ Kh8 21. Bxe4 Nxe4 22. Qxd7 Rfe8 23. Qd5 Bxa3 24. Qb3 Bd6 25. Bxd6 Nxd6 26. Nd2 Qb6 27. Rc5 a5 28. Rhc1 Qb7 29. Qd5 Qxd5 30. Rxd5 Ra6 31. Rc7 h6 32. Rd7 Re6 33. Nb3 Ne4 34. f3 a4 35. Nc1 Nd6 36. Nd3 Nc4 37. Nc5 Rxe3+ 38. Kf2 Ra8 39. Rb7 a3 40. bxa3 Raxa3 41. Rd8+ Kh7 42. Rdd7 Ra2+ 43. Kg3 Kg6 44. Rxg7+ Kh5 45. Rxb5 Nd6 46. Ne4+ Nxb5 47. Nxf6# 1-0